The circle of mountains : a Basque shepherding community

Αποθηκεύτηκε σε:
Λεπτομέρειες βιβλιογραφικής εγγραφής
Κύριος συγγραφέας: Ott, Sandra
Μορφή: Βιβλίο
Γλώσσα:English
Δημοσίευση: Oxford : Clarendon, c1981.
Θέματα:
Ετικέτες: Προσθήκη ετικέτας
Δεν υπάρχουν, Καταχωρήστε ετικέτα πρώτοι!

MARC

LEADER 00000cam a2200000 i 4500
001 1/64302
008 930929s1981 enk| ||| |||| ||eng||
020 |a 0198231997 
035 |l 10001362 
040 |a GR-MyUA  |b gre  |e AACR2 
041 0 |a eng 
082 0 |a 944.79 
100 1 |a Ott, Sandra. 
245 1 4 |a The circle of mountains :   |b a Basque shepherding community /   |c Sandra Ott.  
260 |a Oxford :   |b Clarendon,   |c c1981.  
300 |a xv, 238 σ., [5] leaves of plates :   |b εικ. ;   |c 23 εκ.  
504 |a Περιέχει βιβλιογραφικές αναφορές και ευρετήριο.  
650 0 0 |a Basques  |x Social life and customs. 
651 0 |a Sainte-Engrace (France)  |x Social life and customs. 
767 0 8 |i Μεταφρασμένο ως:   |t Le cercle des montagnes :  
852 |a INST  |b LESVOS  |e 19930929  |h 944.79 OTT  |p 005100003762  |q 005100003762  |t BK  |y 0 
909 |a Λ  |b 017028